000 00437nam a2200181Ia 4500
001 8638
005 20260306160624.0
008 260306t2012||||xx |||||||||||||| ||spa||
041 _aESP
082 _a371.2012
_bC24II
100 _aCampo, Alejandro
_eAUT
245 0 _aHerramientas para directivos escolares II
260 _c2012
300 _a387 páginas :
_c24 cm.
650 _aGEN
654 _aCED
942 _cLIB
_dJUS
_fJUS
_2ddc
_n
999 _c8638
_d8638